000 00514nam a2200169Ia 4500
008 220216s9999 xx 000 0 und d
100 _aKow Y.Y
245 0 _aRelationships between swelling temperature and shape memory properties of palmitic acid-based shape memory natural rubber
260 _bJournal of Rubber Research
_c2020
300 _a13-22
500 _aSource Year: 2020
650 _aSwelling temperature
700 _aChai A.B
700 _aHo J.H
856 _uBibli details only
942 _cJS
999 _c66706
_d66706